Fortalecimiento de capacidades para la implementación del protocolo de Cartagena en Colombia : (Registro nro. 7928)

Detalles MARC
000 -CABECERA
Campo de control 01033nam a2200241 a 4500
005 - FECHA Y HORA DE LA ULTIMA TRANSACCION
Campo de control 20131127113440.0
008 - ELEMENTOS DE LONGITUD FIJA—INFORMACION GENERAL
Campo de control 120417s2010 ck a gr 00010 spa d
020 ## - ISBN
ISBN 9789588491400
041 0# - IDIOMA
Código de idioma para texto/pista de sonido o título separado Español
044 ## - PAÍS DE PUBLICACIÓN
País de publicación Colombia
082 04 - NUMERO DE CLASIFICACION DECIMAL DEWEY
Número de clasificación 660.6
Número del ítem H919f
245 00 - MENCION DE TITULO
Título Fortalecimiento de capacidades para la implementación del protocolo de Cartagena en Colombia :
Parte restante del título sector ambiente /
Mención de responsabilidad M. Andrea Orjuela-R, Rodrigo Moreno-Villamil (compiladores).
260 ## - PUBLICACION, DISTRIBUCION, ETC. (PIE DE IMPRENTA)
Lugar de publicación, distribución, etc. Bogotá
Nombre del editor, distribuidor, etc. Instituto de Investigación de Recursos Biológicos Alexander von Humboldt
-- Ministerio de Ambiente, Vivienda y Desarrollo Territorial
Fecha de publicación, distribución, etc. 2010
300 ## - DESCRIPCION FISICA
Extensión 68 p. :
Otros detalles físicos il. ;
Dimensiones 28 cm.
Material acompañante 1 CD.
504 ## - NOTA DE BIBLIOGRAFIA, ETC.
Nota de bibliografía Incluye referencias bibliográficas
630 14 - ASIENTO SECUNDARIO DE MATERIA - TITULO UNIFORME
Uniform title Protocolo de Cartagena
650 #4 - ASIENTO SECUNDARIO DE MATERIA - TERMINO TEMATICO
Término temático o nombre geográfico como elemento de entrada Biotecnología
Subdivisión geográfica Colombia
650 ## - ASIENTO SECUNDARIO DE MATERIA - TERMINO TEMATICO
Término temático o nombre geográfico como elemento de entrada Ingeniería genética
Subdivisión geográfica Colombia
650 #4 - ASIENTO SECUNDARIO DE MATERIA - TERMINO TEMATICO
Término temático o nombre geográfico como elemento de entrada Bioseguridad
Subdivisión geográfica Colombia
700 1# - ASIENTO SECUNDARIO - NOMBRE PERSONAL
Nombre personal Orjuela-Restrepo, María Andrea
Término de relación comp.
700 1# - ASIENTO SECUNDARIO - NOMBRE PERSONAL
Nombre personal Moreno-Villamil, Rodrigo
Término de relación comp.
942 ## - ELEMENTOS ADICIONALES (KOHA)
Sistema de clasificación Dewey Decimal Classification
Tipo de ítem Impreso
Existencias
Withdrawn status Lost status Sistema de Clasificación Damaged status No para préstamo Colección Inventariado Ubicación Permanente Ubicación actual Fecha de adquisición Fuente de Valor Valor Total Checkouts Número topográfico Inventario / Código de Barras Date last seen Ejemplar Price effective from Forma de adquisición Tipo de material Fecha publicación (Año)
    Dewey Decimal Classification     Humboldt Inventariado 2017 Bogotá Bogotá 27/11/2013 Instituto 39000.00   IAVH-660.6 H919f 029214 27/11/2013 Ej. 1 27/11/2013 Institucional Libro  
    Dewey Decimal Classification     Humboldt Inventariado 2017 Bogotá Bogotá 27/11/2013 Instituto 39000.00   IAVH-660.6 H919f 028504 27/11/2013 Ej. 2 27/11/2013 Institucional Libro  
    Local     Humboldt   Bogotá Bogotá 18/12/2013       MM-0085 059026 18/12/2013 Ej. 3 18/12/2013 Institucional CD-ROM  
    Local     Humboldt   Bogotá Bogotá 18/12/2013       MM-0085 059028 18/12/2013 Ej. 4 18/12/2013 Institucional CD-ROM  
    Dewey Decimal Classification     Humboldt Inventariado 2017 Bogotá Bogotá 23/07/2015 Instituto 39000.00   IAVH-660.6 H919f 039169 23/07/2015 Ej. 6 23/07/2015 Institucional Libro 2010
    Dewey Decimal Classification     Humboldt Inventariado 2017 Sala Fabio Quevedo Sala Fabio Quevedo 23/07/2014 Instituto 39000.00   IAVH-660.6 H919f 028502 23/07/2014 Ej. 5 23/07/2014 Institucional Libro